City in a Minute ~ Constantine - Statistics

General Stats
  • This quiz has been taken 4 times
  • The average score is 8 of 20
Answer Stats
Hint Answer % Correct
During the Islamic conquest of Maghreb, the city was defended by the warrior queen... Al-Kahina
100%
The city was renamed in honor of the Roman emperor Constantine, who had converted to... Christianity
67%
The city fell under Roman jurisdiction due to the conquests of... Gaius Julius Caesar
67%
Which was a major ally of Rome in... The Punic Wars
67%
When King Micipsa died in 118 BCE, war for the throne broke out between his natural son... Adherbal
33%
Here, the daughter of ____, an Olympic swimmer and Holocaust survivor, was born. Tragically, she and her mother did not survive with him. Alfred Nakache
33%
After Constantine's destruction, it would be rebuilt by... Almohad Caliphate
33%
It was founded by... Berbers
33%
Who has a bridge named after him, which was the city's first... Cable-Stayed Bridge
33%
Who had named it... Cirta
33%
In 1934, 23 Jews and 3 Muslims were killed in the 1934... Constantine Riots
33%
The city is twinned with Grenoble in... France
33%
The Great Mosque of Constantine was built under the... Hammadid Dynasty
33%
And his adoptive son who would win the throne... Jugurtha
33%
In 1880 at the military hospital, Charles Louise Alphonse Laveran discovered that a protozoan caused... Malaria
33%
It was the capital of... Numidia
33%
Much of the Turkish architecture in Constantine owes to... Salah Bey
33%
The battle named for the old city was a decisive victory for... Scipio Africanus
33%
Constantine is also known as... The City of Bridges
33%
And Sousse in... Tunisia
33%
No matching quizzes found
Score Distribution
Percent of People with Each Score
Percentile by Number Answered
Your Score History
You have not taken this quiz